Avanced theoretical chemistry

Bibliographic Details
Main Authors: Hughes, D.E.P, Maloney, M. J.
Format: Section = Libro
Language:Undetermined
Spanish
Published: Great Britain Chatto Windus 1964
Subjects:
LEADER 00497nam a2200193Ia 4500
008 240830s9999 xx 000 0 und d
040 |a CEDOC FIQ-RUSB / 540 H893 
041 |a spa 
082 |a 540 H893 
100 1 |a Hughes, D.E.P 
100 1 |b Maloney, M. J. 
245 1 0 |a Avanced theoretical chemistry 
260 |a Great Britain  |b Chatto Windus  |c 1964 
300 |a 386 p.: il. 
650 7 |a QUÍMICA GENERAL 
650 7 |b  PESOS ATÓMICOS PRECISOS 
942 |c BK  |2 ddc 
991 |a TEXTO 
999 |c 13863